00186nam a22000977a 4500003000400000082000800004100002100012245002600033260002100059300000800080SGT bDAS aDAS, GURUCHARAN  aKAHANI EK PARIWAR KI  aDELHI bPPc2005 a396